| 000 | 00614nam a2200241Ia 4500 | ||
|---|---|---|---|
| 003 | OSt | ||
| 005 | 20220918214417.0 | ||
| 006 | a|||||r|||| 00| 0 | ||
| 007 | ta | ||
| 008 | 220917b |||||||| |||| 00| 0 eng d | ||
| 024 | _a137,341 | ||
| 037 | _cTextual | ||
| 040 |
_aARTS _cARTS _beng |
||
| 041 |
_2eng _aeng |
||
| 082 | _aXM2, M9 | ||
| 100 |
_aLee Keekok _944461 |
||
| 245 | 0 | _aSocial philosophy and ecological scarcity | |
| 260 |
_aLondon _bRoutledge _c1989 |
||
| 300 |
_axiv,425p. _ccm. |
||
| 650 | _aECONOMICS | ||
| 942 |
_hXM2, M9 _cTEXL _2CC |
||
| 999 |
_c260423 _d260423 |
||